| 000 | 00916cab a2200253 4500 | ||
|---|---|---|---|
| 001 | ABS59594 | ||
| 008 | 090401t1998 xxu||||| |||| 00| 0 eng d | ||
| 035 | _a(Sirsi) u89590 | ||
| 041 | _aeng | ||
| 100 | _aMacaulay, M, | ||
| 245 | _aNovation in design and build contracts | ||
| 260 | _c1998 | ||
| 350 | _a0 | ||
| 490 |
_aSolicitors` Journal _v142(42) 6 November 1998, 1006-1007(2) |
||
| 520 | _aReviews the pros and cons of the design and build approach, and outlines some of the problems which are caused by novating design team professionals from the employer to the contractor during construction projects. Suggests an alternative approach. | ||
| 650 | _aDESIGN AND BUILD CONTRACTS | ||
| 650 | _aDUTY OF CARE | ||
| 650 | _aEMPLOYERS AGENTS | ||
| 650 | _aJCT PRACTICE NOTE CD/1A | ||
| 650 | _aNOVATION | ||
| 690 | _aBUILT ENVIRONMENT-BUILDING CONTRACT FORMS | ||
| 942 | _n0 | ||
| 948 | _c10/11/1998 | ||
| 999 |
_c56699 _d56699 |
||